[Event "Landesliga Nord 1920"]
[Site "Bayern"]
[Date "2019.11.24"]
[Round "3.6"]
[White "Huemmer, Bernd"]
[Black "Stephan, Michael"]
[Result "1/2-1/2"]
[WhiteElo "2059"]
[BlackElo "2044"]
[PlyCount "86"]
[EventDate "2019.09.29"]
[EventType "team-tourn"]
[EventRounds "9"]
[EventCountry "GER"]
[SourceTitle "EXT 2021"]
[Source "ChessBase"]
[SourceDate "2020.10.23"]
[SourceVersion "1"]
[SourceVersionDate "2020.10.23"]
[SourceQuality "1"]
[WhiteTeam "Bamberg SC"]
[BlackTeam "Forchheim"]
[WhiteTeamCountry "GER"]
[BlackTeamCountry "GER"]

1. Nf3 c5 2. c4 Nc6 3. Nc3 g6 4. g3 Bg7 5. Bg2 d6 6. 0-0 Bg4 7. h3 Bxf3 8. Bxf3 e6 9. a3 Qd7 10. Bg2 Nge7 11. d3 0-0 12. Bd2 Rfe8 13. Rb1 d5 14. cxd5 Nxd5 15. Qa4 Rab8 16. Qc4 Nd4 17. Rfe1 b5 18. Qa2 b4 19. axb4 Nxb4 20. Qc4 Nd5 21. Ne4 Rec8 22. e3 Nb3 23. Bc3 f5 24. Bxg7 Kxg7 25. Ng5 Nd2 26. Nxe6+ Qxe6 27. Bxd5 Qe5 28. f4 Qf6 29. Qa4 Nxb1 30. Qxa7+ Kh6 31. Rxb1 Rxb2 32. Rxb2 Qxb2 33. g4 Qc1+ 34. Kh2 Qd2+ 35. Bg2 fxg4 36. hxg4 Rh8 37. g5+ Kh5 38. Qg7 Qxe3 39. Qxh8 Qxf4+ 40. Kg1 Qe3+ 41. Kh2 Qf4+ 42. Kg1 Qe3+ 43. Kh2 Qf4+ 1/2-1/2

[Event "Landesliga Nord 1819"]
[Site "Bayern"]
[Date "2019.04.07"]
[Round "9.3"]
[White "Huemmer, Bernd"]
[Black "Doeres, Hans Juergen"]
[Result "1/2-1/2"]
[WhiteElo "2092"]
[BlackElo "2156"]
[PlyCount "25"]
[EventDate "2018.10.21"]
[EventType "team-tourn"]
[EventRounds "9"]
[EventCountry "GER"]
[SourceTitle "EXT 2022"]
[Source "ChessBase"]
[SourceDate "2021.10.06"]
[SourceVersion "1"]
[SourceVersionDate "2021.10.06"]
[SourceQuality "1"]
[WhiteTeam "Bamberg SC"]
[BlackTeam "Forchheim SC"]
[WhiteTeamCountry "GER"]
[BlackTeamCountry "GER"]

1. d4 d5 2. Nf3 Nf6 3. e3 c6 4. Bd3 Bg4 5. Nbd2 e6 6. b3 Nbd7 7. Bb2 Be7 8. h3 Bh5 9. c4 0-0 10. Qc2 Bg6 11. Bxg6 hxg6 12. 0-0 a5 13. e4 1/2-1/2

[Event "Landesliga Nord 1819"]
[Site "Bayern"]
[Date "2019.01.20"]
[Round "5.5"]
[White "Huemmer, Bernd"]
[Black "Vogt, Thomas"]
[Result "0-1"]
[WhiteElo "2092"]
[BlackElo "1912"]
[PlyCount "64"]
[EventDate "2018.10.21"]
[EventType "team-tourn"]
[EventRounds "9"]
[EventCountry "GER"]
[SourceTitle "EXT 2022"]
[Source "ChessBase"]
[SourceDate "2021.10.06"]
[SourceVersion "1"]
[SourceVersionDate "2021.10.06"]
[SourceQuality "1"]
[WhiteTeam "Bamberg SC"]
[BlackTeam "Wuerzburg"]
[WhiteTeamCountry "GER"]
[BlackTeamCountry "GER"]

1. c4 Nf6 2. Nc3 c5 3. Nf3 Nc6 4. d4 cxd4 5. Nxd4 e6 6. g3 Bb4 7. Bg2 0-0 8. 0-0 Bxc3 9. bxc3 Qa5 10. Qb3 a6 11. Ba3 Rd8 12. Bd6 Ne8 13. Bb4 Qc7 14. Bc5 b5 15. cxb5 axb5 16. Nxb5 Qb8 17. a4 d5 18. e4 Na5 19. Qc2 Bb7 20. f4 dxe4 21. f5 e5 22. Rae1 Nc4 23. Rd1 Qc8 24. Rxd8 Qxc5+ 25. Rd4 exd4 26. cxd4 Qb4 27. Bxe4 Ne3 28. Qd3 Nxf1 29. Bxb7 Rxa4 30. Kxf1 Qb2 31. Nc3 Ra1+ 32. Nd1 Qxb7 0-1

[Event "Arco op 40th"]
[Site "Arco"]
[Date "2018.10.19"]
[Round "7"]
[White "Oppici, Gabriele"]
[Black "Huemmer, Bernd"]
[Result "0-1"]
[WhiteElo "1976"]
[BlackElo "2156"]
[PlyCount "44"]
[EventDate "2018.10.13"]
[EventType "swiss"]
[EventRounds "9"]
[EventCountry "ITA"]
[SourceTitle "CBM 186 Extra"]
[Source "ChessBase"]
[SourceDate "2018.08.24"]
[SourceVersion "1"]
[SourceVersionDate "2018.08.24"]
[SourceQuality "1"]

1. Nc3 Nf6 2. e4 d5 3. exd5 Nxd5 4. Bc4 Nxc3 5. Qf3 e6 6. Qxc3 Qf6 7. Qxf6 gxf6 8. Ne2 Nd7 9. d4 Bd6 10. Bd2 Rg8 11. 0-0 b6 12. f3 Bb7 13. Bd3 f5 14. c4 0-0-0 15. Kh1 c5 16. Bc3 Rg6 17. Rad1 Rdg8 18. g3 h5 19. Nf4 Bxf4 20. gxf4 Rg1+ 21. Rxg1 Bxf3+ 22. Rg2 Bxg2+ 0-1

[Event "Arco op 40th"]
[Site "Arco"]
[Date "2018.10.18"]
[Round "6"]
[White "Huemmer, Bernd"]
[Black "Vezzani, Stefano"]
[Result "1/2-1/2"]
[WhiteElo "2156"]
[BlackElo "2119"]
[PlyCount "24"]
[EventDate "2018.10.13"]
[EventType "swiss"]
[EventRounds "9"]
[EventCountry "ITA"]
[SourceTitle "CBM 186 Extra"]
[Source "ChessBase"]
[SourceDate "2018.08.24"]
[SourceVersion "1"]
[SourceVersionDate "2018.08.24"]
[SourceQuality "1"]

1. Nf3 g6 2. d4 Bg7 3. e4 d6 4. c3 Nf6 5. Qc2 0-0 6. Bg5 h6 7. Bh4 Nc6 8. Nbd2 Nh5 9. Bc4 Na5 10. Bf1 Nc6 11. Bc4 Na5 12. Bf1 Nc6 1/2-1/2

[Event "Arco op 40th"]
[Site "Arco"]
[Date "2018.10.14"]
[Round "2"]
[White "Huemmer, Bernd"]
[Black "Rocchetti, Marco"]
[Result "1-0"]
[WhiteElo "2156"]
[BlackElo "1808"]
[PlyCount "41"]
[EventDate "2018.10.13"]
[EventType "swiss"]
[EventRounds "9"]
[EventCountry "ITA"]
[SourceTitle "CBM 186 Extra"]
[Source "ChessBase"]
[SourceDate "2018.08.24"]
[SourceVersion "1"]
[SourceVersionDate "2018.08.24"]
[SourceQuality "1"]

1. c4 e5 2. Nc3 Nf6 3. Nf3 d6 4. g3 c6 5. Bg2 Be7 6. 0-0 0-0 7. b3 Ne8 8. d4 Qc7 9. e4 f5 10. exf5 Bxf5 11. Re1 Bf6 12. dxe5 dxe5 13. Ba3 Rf7 14. Ne4 Rd7 15. Qe2 Na6 16. Nxf6+ gxf6 17. Nh4 Bg6 18. Bh3 Rd4 19. Bb2 Re4 20. Be6+ Kh8 21. Nxg6+ 1-0

[Event "Bamberg op 1st"]
[Site "Bamberg"]
[Date "2018.05.10"]
[Round "2"]
[White "Huemmer, Bernd"]
[Black "Mazur, Stefan"]
[Result "0-1"]
[WhiteElo "2141"]
[BlackElo "2413"]
[PlyCount "100"]
[EventDate "2018.05.09"]
[EventType "swiss"]
[EventRounds "7"]
[EventCountry "GER"]
[SourceTitle "CBM 184 Extra"]
[Source "ChessBase"]
[SourceDate "2018.06.28"]
[SourceVersion "1"]
[SourceVersionDate "2018.06.28"]
[SourceQuality "1"]

1. Nf3 Nf6 2. d4 d5 3. Bf4 c5 4. c3 Qb6 5. Qb3 Nc6 6. e3 c4 7. Qc2 Bf5 8. Qc1 h6 9. h3 e6 10. Nbd2 Qd8 11. Be2 Bd6 12. Bxd6 Qxd6 13. b4 cxb3 14. axb3 0-0 15. 0-0 Rfc8 16. Qa3 Qd8 17. Rfc1 a5 18. Bb5 Ne8 19. Bxc6 Rxc6 20. c4 dxc4 21. Nxc4 b5 22. Nfe5 Rcc8 23. Nd2 Rxc1+ 24. Rxc1 Qd6 25. Rc5 Rc8 26. b4 axb4 27. Qxb4 Rxc5 28. Qxc5 Qxc5 29. dxc5 Nc7 30. e4 Bh7 31. f3 Kf8 32. Kf2 Na6 33. Nb3 f6 34. Nc6 e5 35. Ke3 Bg8 36. Nca5 Ke7 37. g3 Kd7 38. Kd3 Bxb3 39. Nxb3 Kc6 40. Kc3 Nxc5 41. Nc1 Kb6 42. Kb4 Ne6 43. Nd3 Ng5 44. f4 exf4 45. Nxf4 Nxe4 46. Nd5+ Kc6 47. Ne7+ Kd6 48. Nf5+ Ke5 49. Nxg7 Nxg3 50. Kxb5 Kd4 0-1

[Event "Arco op-A 39th"]
[Site "Arco"]
[Date "2017.10.13"]
[Round "7"]
[White "Huemmer, Bernd"]
[Black "Trauth, Michael"]
[Result "1/2-1/2"]
[WhiteElo "2169"]
[BlackElo "2112"]
[PlyCount "65"]
[EventDate "2017.10.07"]
[EventType "swiss"]
[EventRounds "9"]
[EventCountry "ITA"]
[SourceTitle "CBM 181 Extra"]
[Source "ChessBase"]
[SourceDate "2017.12.12"]
[SourceVersion "1"]
[SourceVersionDate "2017.12.12"]
[SourceQuality "1"]

1. c4 c5 2. Nc3 g6 3. Nf3 Nf6 4. d4 cxd4 5. Nxd4 Nc6 6. g3 Bg7 7. Bg2 0-0 8. 0-0 d6 9. Nc2 Be6 10. b3 Qd7 11. Bb2 Bh3 12. Ne3 Bxg2 13. Kxg2 Rfd8 14. Qd2 e6 15. Rad1 a6 16. Ba3 Ne8 17. Ne4 Nd4 18. Bb2 f5 19. Bxd4 fxe4 20. Bxg7 Qxg7 21. Qd4 Nf6 22. Qb6 Qe7 23. Rd2 Rd7 24. Rfd1 Rad8 25. Qd4 d5 26. Qe5 Kf7 27. f3 exf3+ 28. exf3 Qd6 29. Qxd6 Rxd6 30. cxd5 Nxd5 31. Nxd5 Rxd5 32. Rxd5 exd5 33. Kf2 1/2-1/2

[Event "Landesliga Nord 1617"]
[Site "Bayern"]
[Date "2016.11.20"]
[Round "2.2"]
[White "Huemmer, Bernd"]
[Black "Reissner, Andreas"]
[Result "1/2-1/2"]
[WhiteElo "2133"]
[BlackElo "2018"]
[PlyCount "165"]
[EventDate "2016.10.16"]
[EventType "team-tourn"]
[EventRounds "9"]
[EventCountry "GER"]
[SourceTitle "EXT 2019"]
[Source "ChessBase"]
[SourceDate "2018.10.10"]
[SourceVersion "1"]
[SourceVersionDate "2018.10.10"]
[SourceQuality "1"]
[WhiteTeam "Bamberg SC"]
[BlackTeam "Marktleuthen"]
[WhiteTeamCountry "GER"]
[BlackTeamCountry "GER"]

1. c4 Nf6 2. Nc3 e5 3. Nf3 Nc6 4. e4 d6 5. d4 Bg4 6. d5 Ne7 7. Be2 Ng6 8. Be3 Be7 9. 0-0 Qc8 10. Ne1 0-0 11. Nd3 a6 12. Rc1 b6 13. b4 a5 14. a3 axb4 15. axb4 Ra3 16. f3 Bd7 17. c5 dxc5 18. bxc5 bxc5 19. Nxc5 Bd6 20. Qd2 Nh5 21. Bb5 Be8 22. Qb2 Bxb5 23. Qxa3 Bxf1 24. Rxf1 Nhf4 25. g3 Nd3 26. Nb5 Nxc5 27. Bxc5 Rd8 28. Bxd6 cxd6 29. Nxd6 Qb8 30. Nf5 Qb6+ 31. Kg2 h5 32. Ne7+ Nxe7 33. Qxe7 Qb8 34. Rf2 Re8 35. Qg5 g6 36. Qf6 Rd8 37. h3 Qd6 38. Qg5 Kg7 39. Rc2 f6 40. Qc1 Rd7 41. h4 Qe7 42. Rc6 Qd8 43. Qe3 Qb8 44. Qd2 Qb7 45. Qc2 Qb8 46. Kh3 Qa7 47. Kg2 Qb8 48. Qe2 Qb4 49. Qc2 Qb8 50. Qc3 Qd8 51. Qc5 Qb8 52. Rc8 Qb2+ 53. Kh3 Rf7 54. Qc2 Qb6 55. Rc6 Qg1 56. Qg2 Qd1 57. Rc2 Rd7 58. Kh2 Qa1 59. Qd2 Qa3 60. Rc3 Qb4 61. Qc1 Qb8 62. Kg2 Qb6 63. Rc6 Qb8 64. d6 Qb4 65. Qd1 Qb2+ 66. Kh3 Qb7 67. Qc1 Qb4 68. Qd1 Qb2 69. Rc2 Qb8 70. Rd2 Qc8 71. Kg2 Qc6 72. Rd5 Qa6 73. Qd2 Qc6 74. f4 exf4 75. gxf4 Qc4 76. Qd3 Qa2+ 77. Kg3 Qa1 78. Qd1 Qc3+ 79. Qd3 Qe1+ 80. Kh3 Qh1+ 81. Kg3 Qe1+ 82. Kh3 Qh1+ 83. Kg3 1/2-1/2

[Event "Arco op 38th"]
[Site "Arco"]
[Date "2016.10.08"]
[Round "1"]
[White "Huemmer, Bernd"]
[Black "Morselli, Stefano"]
[Result "1-0"]
[WhiteElo "2166"]
[BlackElo "1844"]
[PlyCount "79"]
[EventDate "2016.10.08"]
[EventType "swiss"]
[EventRounds "9"]
[EventCountry "ITA"]
[SourceTitle "EXT 2017"]
[Source "ChessBase"]
[SourceDate "2016.10.25"]
[SourceVersion "1"]
[SourceVersionDate "2016.10.25"]
[SourceQuality "1"]

1. Nf3 Nf6 2. d4 g6 3. Bg5 Bg7 4. Nbd2 d6 5. e4 0-0 6. c3 h6 7. Bh4 c5 8. dxc5 dxc5 9. Bc4 Nc6 10. 0-0 Na5 11. Be2 Be6 12. Qc2 Nc6 13. Rfe1 a6 14. a4 g5 15. Bg3 Nh5 16. Rad1 Nxg3 17. hxg3 Qc7 18. Bc4 Bg4 19. Nf1 Na5 20. Ne3 Bxf3 21. gxf3 Nxc4 22. Nxc4 b5 23. Ne3 e6 24. Rd2 Rfd8 25. Red1 Rxd2 26. Rxd2 Rd8 27. axb5 axb5 28. Kg2 c4 29. Qd1 Rxd2 30. Qxd2 Kf8 31. Nc2 Ke8 32. Na3 Qc6 33. Nc2 Be5 34. Qe3 Qd6 35. Na3 Qc6 36. Nc2 Qd6 37. Nb4 Kd7 38. Qa7+ Ke8 39. Qa8+ Kd7 40. Qb7+ 1-0

[Event "Landesliga Nord 1516"]
[Site "Bayern"]
[Date "2016.04.10"]
[Round "9.3"]
[White "Huemmer, Bernd"]
[Black "Dey, Jan Marten"]
[Result "1/2-1/2"]
[WhiteElo "2121"]
[BlackElo "2175"]
[PlyCount "59"]
[EventDate "2015.10.11"]
[EventType "team-tourn"]
[EventRounds "9"]
[EventCountry "GER"]
[SourceTitle "EXT 2018"]
[Source "ChessBase"]
[SourceDate "2017.10.13"]
[SourceVersion "1"]
[SourceVersionDate "2017.10.13"]
[SourceQuality "1"]
[WhiteTeam "Forchheim II"]
[BlackTeam "Schweinfurt"]
[WhiteTeamCountry "GER"]
[BlackTeamCountry "GER"]

1. d4 d5 2. c4 c6 3. cxd5 cxd5 4. Nc3 Nc6 5. Bf4 Bf5 6. Nf3 Nf6 7. Qb3 Na5 8. Qa4+ Bd7 9. Qd1 a6 10. e3 Bf5 11. Nh4 Bg6 12. Nxg6 hxg6 13. Qa4+ Nc6 14. h3 e6 15. Be2 Bd6 16. Bxd6 Qxd6 17. 0-0 0-0 18. Rfc1 Rfc8 19. Qd1 b5 20. Bf3 Rc7 21. Ne2 Rac8 22. Rc2 Nd7 23. Rac1 Na5 24. Nf4 Nb7 25. Nd3 Qb6 26. g3 Nd6 27. b3 a5 28. Rxc7 Rxc7 29. Rc2 b4 30. Nb2 1/2-1/2

[Event "Landesliga Nord 1516"]
[Site "Bayern"]
[Date "2016.01.31"]
[Round "6.2"]
[White "Huemmer, Bernd"]
[Black "Loew, Gerald"]
[Result "1/2-1/2"]
[WhiteElo "2121"]
[BlackElo "2215"]
[PlyCount "33"]
[EventDate "2015.10.11"]
[EventType "team-tourn"]
[EventRounds "9"]
[EventCountry "GER"]
[SourceTitle "EXT 2018"]
[Source "ChessBase"]
[SourceDate "2017.10.13"]
[SourceVersion "1"]
[SourceVersionDate "2017.10.13"]
[SourceQuality "1"]
[WhiteTeam "Forchheim II"]
[BlackTeam "Bindlach Aktionaer II"]
[WhiteTeamCountry "GER"]
[BlackTeamCountry "GER"]

1. c4 c5 2. Nc3 g6 3. g3 Bg7 4. Bg2 Nc6 5. Nf3 e5 6. d3 Nge7 7. Nd2 d6 8. Nf1 0-0 9. Ne3 a6 10. Ned5 Rb8 11. Bg5 f6 12. Bd2 Be6 13. h4 h6 14. Qc1 Kh7 15. 0-0 b5 16. Nxe7 Nxe7 17. Nd5 1/2-1/2

[Event "BL2-Ost 1516"]
[Site "Germany"]
[Date "2015.09.20"]
[Round "2.8"]
[White "Hansch, Stephan"]
[Black "Huemmer, Bernd"]
[Result "1/2-1/2"]
[WhiteElo "2156"]
[BlackElo "2169"]
[PlyCount "26"]
[EventDate "2015.09.20"]
[EventType "team-tourn"]
[EventRounds "9"]
[EventCountry "GER"]
[SourceTitle "CBM 170 Extra"]
[Source "ChessBase"]
[SourceDate "2016.02.25"]
[SourceVersion "1"]
[SourceVersionDate "2016.02.25"]
[SourceQuality "1"]
[WhiteTeam "Magdeburg"]
[BlackTeam "Forchheim"]
[WhiteTeamCountry "GER"]
[BlackTeamCountry "GER"]

1. d4 d6 2. c4 e5 3. Nc3 exd4 4. Qxd4 Nc6 5. Qd2 Nf6 6. b3 a5 7. Bb2 a4 8. Rd1 axb3 9. axb3 Be6 10. Nf3 g6 11. e4 Bg7 12. Bd3 0-0 13. 0-0 Bg4 1/2-1/2

[Event "Arco op 36th"]
[Site "Arco"]
[Date "2014.10.12"]
[Round "9"]
[White "Knors, Rudi"]
[Black "Huemmer, Bernd"]
[Result "1/2-1/2"]
[WhiteElo "2099"]
[BlackElo "2185"]
[PlyCount "45"]
[EventDate "2014.10.04"]
[EventType "swiss"]
[EventRounds "9"]
[EventCountry "ITA"]
[SourceTitle "CBM 162 Extra"]
[Source "ChessBase"]
[SourceDate "2014.10.17"]
[SourceVersion "1"]
[SourceVersionDate "2014.10.17"]
[SourceQuality "1"]

1. d4 Nf6 2. c4 e6 3. Nf3 b6 4. g3 Ba6 5. b3 Bb7 6. Bg2 Bb4+ 7. Bd2 a5 8. 0-0 0-0 9. Bg5 a4 10. a3 axb3 11. Qxb3 Ba5 12. Nc3 h6 13. Bxf6 Qxf6 14. Nb5 Qd8 15. Rac1 Na6 16. Rfd1 Qe7 17. Nc3 Bxc3 18. Rxc3 d6 19. e3 Ra7 20. Ne1 Bxg2 21. Kxg2 Rfa8 22. Nc2 Qg5 23. Rb1 1/2-1/2

[Event "Arco op 36th"]
[Site "Arco"]
[Date "2014.10.06"]
[Round "3"]
[White "Naumkin, Igor"]
[Black "Huemmer, Bernd"]
[Result "1-0"]
[WhiteElo "2442"]
[BlackElo "2185"]
[PlyCount "63"]
[EventDate "2014.10.04"]
[EventType "swiss"]
[EventRounds "9"]
[EventCountry "ITA"]
[SourceTitle "CBM 162 Extra"]
[Source "ChessBase"]
[SourceDate "2014.10.17"]
[SourceVersion "1"]
[SourceVersionDate "2014.10.17"]
[SourceQuality "1"]

1. d4 Nf6 2. c4 e6 3. Nf3 b6 4. g3 Bb7 5. Bg2 Be7 6. Nc3 Ne4 7. Bd2 0-0 8. d5 f5 9. Qc2 Bf6 10. Nxe4 fxe4 11. Qxe4 Bxb2 12. Ng5 Rf5 13. Rb1 Rxg5 14. Rxb2 Rg6 15. Qc2 exd5 16. cxd5 Kh8 17. 0-0 Na6 18. h4 Qe8 19. h5 Rd6 20. h6 Bxd5 21. hxg7+ Kxg7 22. Bxd5 Rxd5 23. Qc4 Rh5 24. Bc3+ Kf8 25. Qd4 Qf7 26. Rd1 Nc5 27. Qg4 Qg6 28. Qf3+ Ke7 29. Qxa8 c6 30. Qh8 Qe4 31. Qf6+ Ke8 32. Qf3 1-0

[Event "Arco op 36th"]
[Site "Arco"]
[Date "2014.10.05"]
[Round "2"]
[White "Huemmer, Bernd"]
[Black "Casagrande, Fabio"]
[Result "1-0"]
[WhiteElo "2185"]
[BlackElo "1959"]
[PlyCount "103"]
[EventDate "2014.10.04"]
[EventType "swiss"]
[EventRounds "9"]
[EventCountry "ITA"]
[SourceTitle "CBM 162 Extra"]
[Source "ChessBase"]
[SourceDate "2014.10.17"]
[SourceVersion "1"]
[SourceVersionDate "2014.10.17"]
[SourceQuality "1"]

1. d4 Nf6 2. c3 e6 3. Bf4 c5 4. e3 b6 5. Nd2 Bb7 6. h3 Be7 7. Ngf3 d5 8. Bd3 Nbd7 9. 0-0 0-0 10. Qb1 g6 11. b4 cxb4 12. cxb4 Ne4 13. Rc1 Rc8 14. Qb2 Bd6 15. Bxd6 Nxd6 16. a4 Rxc1+ 17. Rxc1 Qb8 18. b5 Rc8 19. Rc2 Rxc2 20. Qxc2 Qc8 21. Qxc8+ Nxc8 22. Ne5 Nxe5 23. dxe5 Ne7 24. f4 Kg7 25. g4 f5 26. gxf5 gxf5 27. Nb3 Ng6 28. Kf2 h5 29. Nd4 Kf7 30. Be2 h4 31. Bh5 Bc8 32. Nf3 Kg7 33. Bxg6 Kxg6 34. Nxh4+ Kh5 35. Nf3 a6 36. Nd4 axb5 37. Nxb5 Kh4 38. Kg2 Bb7 39. Nd4 Bc8 40. Nf3+ Kh5 41. Nd4 Kh4 42. Nb5 Bb7 43. Kf2 Kxh3 44. Nc7 Bc6 45. Nxe6 Bxa4 46. Nc7 Bc6 47. Ke2 b5 48. Na6 Bd7 49. Nb4 Be6 50. Kd3 Kg4 51. Kd4 Kf3 52. Nxd5 1-0

[Event "BL2-Ost 1314"]
[Site "Germany"]
[Date "2013.12.14"]
[Round "7.8"]
[White "Huemmer, Bernd"]
[Black "Pfeufer, Lion"]
[Result "1/2-1/2"]
[WhiteElo "2202"]
[BlackElo "2008"]
[PlyCount "77"]
[EventDate "2013.10.12"]
[EventType "team-tourn"]
[EventRounds "10"]
[EventCountry "GER"]
[SourceTitle "EXT 2015"]
[Source "ChessBase"]
[SourceDate "2014.11.20"]
[SourceVersion "1"]
[SourceVersionDate "2014.11.20"]
[SourceQuality "1"]
[WhiteTeam "Forchheim"]
[BlackTeam "Plauen Koenig"]
[WhiteTeamCountry "GER"]
[BlackTeamCountry "GER"]

1. d4 Nf6 2. Bf4 g6 3. e3 Bg7 4. c3 0-0 5. h3 d5 6. Bd3 Nbd7 7. Nf3 c5 8. Nbd2 b6 9. 0-0 Bb7 10. Qb1 c4 11. Bc2 Rc8 12. Bh2 e6 13. Ne5 Ne8 14. Ba4 Nxe5 15. dxe5 f5 16. f4 Rf7 17. Nf3 Nc7 18. Bg3 b5 19. Bc2 Bf8 20. Bh4 Be7 21. Bxe7 Qxe7 22. Qe1 h6 23. Qh4 Qxh4 24. Nxh4 Rg7 25. Nf3 a5 26. Nd4 b4 27. Kf2 Ra8 28. g4 Bc8 29. gxf5 gxf5 30. Rg1 Bd7 31. Rxg7+ Kxg7 32. Rg1+ Kh7 33. Ke2 bxc3 34. bxc3 Rb8 35. Rb1 Rxb1 36. Bxb1 Kg7 37. Bc2 Kf7 38. Kf2 Na6 39. Ke2 1/2-1/2